Catálogo
 En Linea

Tipos de mi pueblo y cosas de la costa. (Registro nro. 31021)

Detalles MARC
000 -CABECERA
campo de control de longitud fija 00388nam a2200133 a 4500
001 - NÚMERO DE CONTROL
campo de control 000031529
005 - FECHA Y HORA DE LA ÚLTIMA TRANSACCIÓN
campo de control 20200930063008.0
008 - DATOS DE LONGITUD FIJA--INFORMACIÓN GENERAL
campo de control de longitud fija 110627s19uu dr 000 0 spa d
040 ## - FUENTE DE LA CATALOGACIÓN
Centro catalogador/agencia de origen DO-SdBNP
Lengua de catalogación spa
Centro/agencia transcriptor BNPHU
082 ## - NÚMERO DE LA CLASIFICACIÓN DECIMAL DEWEY
Número de clasificación xxxx
Número de documento/Ítem T595p
245 00 - MENCIÓN DE TÍTULO
Título Tipos de mi pueblo y cosas de la costa.
260 ## - PUBLICACIÓN, DISTRIBUCIÓN, ETC.
Lugar de publicación, distribución, etc. [Ciudad Trujillo, República Dominicana :
Nombre del editor, distribuidor, etc. s.n.,
Fecha de publicación, distribución, etc. 19--? ].
300 ## - DESCRIPCIÓN FÍSICA
Extensión 116 p. ;
Dimensiones 17 cm.
Existencias
Estado de retiro Estado de pérdida No para préstamo Código de colección Localización permanente Ubicación/localización actual Ubicación en estantería Fecha de adquisición Número de inventario Total de préstamos Signatura topográfica completa Código de barras Fecha visto por última vez Precio válido a partir de Tipo de ítem Koha Nota pública
    Excluido de préstamo Patrimonio Dominicano Patrimonio Dominicano Patrimonio Dominicano En catalogación 27.06.2011 LF1   xxxx T595p 31529-10 25.06.2020 25.06.2020 Libro y Folleto Colección Patrimonio Dominicano Perteneció a la biblioteca personal de Martínez Boog

Con tecnología Koha